Process Technology : (Record no. 15536)
[ view plain ]
| 000 -LEADER | |
|---|---|
| fixed length control field | 01075nam a22003135a 4500 |
| 001 - CONTROL NUMBER | |
| control field | 16602779 |
| 005 - DATE AND TIME OF LATEST TRANSACTION | |
| control field | 20110107093541.0 |
| 008 - FIXED-LENGTH DATA ELEMENTS--GENERAL INFORMATION | |
| fixed length control field | 110107s2011 nyu 000 0 eng |
| 010 ## - LIBRARY OF CONGRESS CONTROL NUMBER | |
| LC control number | 2011920385 |
| 020 ## - INTERNATIONAL STANDARD BOOK NUMBER | |
| International Standard Book Number | 1111036357 |
| 020 ## - INTERNATIONAL STANDARD BOOK NUMBER | |
| International Standard Book Number | 9781111036355 |
| 040 ## - CATALOGING SOURCE | |
| Original cataloging agency | DLC |
| Transcribing agency | DLC |
| 042 ## - AUTHENTICATION CODE | |
| Authentication code | pcc |
| 082 ## - DEWEY DECIMAL CLASSIFICATION NUMBER | |
| Edition number | 22 |
| Classification number | 660.2804 |
| Item number | THO |
| 100 1# - MAIN ENTRY--PERSONAL NAME | |
| Personal name | Thomas, Charles E. |
| 9 (RLIN) | 24640 |
| 245 10 - TITLE STATEMENT | |
| Title | Process Technology : |
| Remainder of title | Safety, Health and Environment / |
| Statement of responsibility, etc | Charles E. Thomas. |
| 250 ## - EDITION STATEMENT | |
| Edition statement | 3rd ed. |
| 260 ## - PUBLICATION, DISTRIBUTION, ETC. (IMPRINT) | |
| Place of publication, distribution, etc | Clifton Park, NY : |
| Name of publisher, distributor, etc | Cengage/Wadsworth, 2012 |
| Date of publication, distribution, etc | 2012 |
| 263 ## - PROJECTED PUBLICATION DATE | |
| Projected publication date | 1101 |
| 300 ## - PHYSICAL DESCRIPTION | |
| Extent | 331 p. ; |
| Dimensions | 28 cm. |
| 500 ## - GENERAL NOTE | |
| General note | Includes index |
| 650 ## - SUBJECT ADDED ENTRY--TOPICAL TERM | |
| 9 (RLIN) | 24637 |
| Topical term or geographic name as entry element | Chemical processes |
| General subdivision | Safety measures |
| 650 ## - SUBJECT ADDED ENTRY--TOPICAL TERM | |
| 9 (RLIN) | 24638 |
| Topical term or geographic name as entry element | Chemical engineering |
| General subdivision | Safety measures |
| 650 ## - SUBJECT ADDED ENTRY--TOPICAL TERM | |
| 9 (RLIN) | 24639 |
| Topical term or geographic name as entry element | Chemical engineers |
| General subdivision | Health and hygiene |
| 653 ## - INDEX TERM--UNCONTROLLED | |
| Resource For college | |
| Arrived date list | June2011 |
| Resource For college | |
| Arrived date list | June2011 |
| 942 ## - ADDED ENTRY ELEMENTS (KOHA) | |
| Source of classification or shelving scheme | Dewey Decimal Classification |
| Item type | Book - Borrowing |
| Withdrawn status | Item status | Source of classification or shelving scheme | Damaged status | Not for loan | Vendor | Home library | Current library | Shelving location | Date acquired | Source of acquisition | Cost, normal purchase price | Serial Enumeration / chronology | Total Checkouts | Total Renewals | Full call number | Barcode | Date last seen | Date last borrowed | Koha item type |
|---|---|---|---|---|---|---|---|---|---|---|---|---|---|---|---|---|---|---|---|
| Dewey Decimal Classification | Baccah | Central Library | Central Library | First floor | 05/06/2011 | 420.00 | 12336 | 1 | 1 | 660.2804 THO | 000024052 | 15/07/2025 | 02/09/2013 | Book - Borrowing |